LEADER 03640nam 22006494a 450 001 9910452358803321 005 20210528001312.0 010 $a1-281-73102-1 010 $a9786611731021 010 $a0-300-13209-3 024 7 $a10.12987/9780300132090 035 $a(CKB)1000000000472129 035 $a(StDuBDS)AH23049710 035 $a(SSID)ssj0000177098 035 $a(PQKBManifestationID)11201801 035 $a(PQKBTitleCode)TC0000177098 035 $a(PQKBWorkID)10210816 035 $a(PQKB)11113552 035 $a(MiAaPQ)EBC3420124 035 $a(DE-B1597)485566 035 $a(OCoLC)952732060 035 $a(DE-B1597)9780300132090 035 $a(Au-PeEL)EBL3420124 035 $a(CaPaEBR)ebr10170814 035 $a(CaONFJC)MIL173102 035 $a(OCoLC)923590304 035 $a(EXLCZ)991000000000472129 100 $a20050324d2005 uy 0 101 0 $aeng 135 $aur||||||||||| 181 $ctxt 182 $cc 183 $acr 200 10$aImperial nature$b[electronic resource] $ethe World Bank and struggles for social justice in the age of globalization /$fMichael Goldman 210 $aNew Haven, Conn. ;$aLondon $cYale University Press$dc2005 215 $a1 online resource (384 p.) 225 1 $aYale agrarian studies series 300 $aBibliographic Level Mode of Issuance: Monograph 311 0 $a0-300-10408-1 320 $aIncludes bibliographical references (p. [317]-343) and index. 327 $tFront matter --$tContents --$tPreface --$tAcknowledgments --$tI. Introduction: Understanding World Bank Power --$tII. The Rise of the Bank --$tIII. Producing Green Science inside Headquarters --$tIV. The Birth of a Discipline: Producing Environmental Knowledge for the World --$tV. Eco-Governmentality and the Making of an Environmental State --$tVI. Privatizing Water, Neoliberalizing Civil Society: The Power of Transnational Policy Networks --$tVII. Conclusion: Can It Be Shut Down? --$tNotes --$tBibliography --$tIndex 330 $aWhy is the World Bank so successful? How has it gained power even at moments in history when it seemed likely to fall? This pathbreaking book is the first close examination of the inner workings of the Bank, the foundations of its achievements, its propensity for intensifying the problems it intends to cure, and its remarkable ability to tame criticism and extend its own reach. Michael Goldman takes us inside World Bank headquarters in Washington, D.C., and then to Bank project sites around the globe. He explains how projects funded by the Bank really work and why community activists struggle against the World Bank and its brand of development. Goldman looks at recent ventures in areas such as the environment, human rights, and good governance and reveals how-despite its poor track record-the World Bank has acquired greater authority and global power than ever before. The book sheds new light on the World Bank's role in increasing global inequalities and considers why it has become the central target for anti-globalization movements worldwide. For anyone concerned about globalization and social justice, Imperial Nature is essential reading. 410 0$aYale agrarian studies. 606 $aInternational finance 606 $aSocial justice 608 $aElectronic books. 615 0$aInternational finance. 615 0$aSocial justice. 676 $a332.1/532 700 $aGoldman$b Michael$f1960-$01031747 801 0$bMiAaPQ 801 1$bMiAaPQ 801 2$bMiAaPQ 906 $aBOOK 912 $a9910452358803321 996 $aImperial nature$92449234 997 $aUNINA LEADER 02392nam0 2200541 i 450 001 IEI0106682 005 20251003044158.0 010 $a8815054928 020 $aIT$b98-294 100 $a19970211d1997 ||||0itac50 ba 101 | $aita 102 $ait 181 1$6z01$ai $bxxxe 182 1$6z01$an 200 1 $aˆLe ‰città nell'economia globale$fSaskia Sassen 210 $aBologna$cIl mulino$d[1997] 215 $a206 p.$d21 cm 225 | $aˆLe ‰vie della civiltà 300 $aTrad. di Nanni Negro. 410 0$1001CFI0025045$12001 $aˆLe ‰vie della civiltà 500 10$aCities in a world economy$3IEI0106683$9MILV093703$914800 606 $aEconomia$xZone urbane$2FIR$3CFIC049732$9E 676 $a307.76$9COMUNITA'. Comunità urbane$v20 676 $a330$9ECONOMIA$v21 676 $a330.9$9$v21 676 $a330.91732$9SITUAZIONI E CONDIZIONI ECONOMICHE. Regioni urbane$v21 676 $a330.91732$9SITUAZIONI E CONDIZIONI ECONOMICHE. Regioni urbane$v23 676 $a333.771$9ECONOMIA URBANA$v21 686 $a430.7$cDEMOGRAFIA E PROBLEMI SOCIO-SANITARI 1968-1989$2R 686 $a437.0$cMERCATO GLOBALE 1968-1989$2R 686 $a537.0$cMERCATO GLOBALE 1989-2001$2R 696 $aEconomia reale$aAttività economiche$aAspetti economici$aCentri abitati$aAree urbane 699 $aEconomia$yEconomia reale 699 $aEconomia$zAttività economiche 699 $aEconomia$zAspetti economici 699 $aZone urbane$yCentri abitati 699 $aZone urbane$yAree urbane 700 1$aSassen$b, Saskia$3MILV093703$4070$0437824 801 3$aIT$bIT-000000$c19970211 850 $aIT-BN0095 $aIT-NA0457 $aIT-AV0045 901 $bNAP MV$cE $nDEPOSITO LIBRARIO RELIGIONE SALA E 901 $bNAP BI$cSALA 5 $nLibri da 4151 in poi 901 $bNAP 01$cPOZZO LIB.$nVi sono collocati fondi di economia, periodici di ingegneria e scienze, periodici di economia e statistica e altri fondi comprendenti documenti di economia pervenuti in dono. 912 $aIEI0106682 950 0$aBiblioteca Centralizzata di Ateneo$c1 v.$d 01POZZO LIB.ECON MON 5995$e 0101 0700214565E VMA A4 1 v. (vecchia collocazione 21 EC 456)$fB $h20210517$i20210517 977 $a 01$a BI$a MV 996 $aCities in a world economy$914800 997 $aUNISANNIO